|
|
|
|
| LEADER |
00000nam0a2200000 4500 |
| 001 |
353984 |
| 005 |
20231102010639.0 |
| 035 |
|
|
|a (RuTPU)RU\TPU\retro\11242
|
| 090 |
|
|
|a 353984
|
| 100 |
|
|
|a 20200610d1972 km y0rusy50 ca
|
| 101 |
0 |
|
|a rus
|
| 102 |
|
|
|a RU
|
| 105 |
|
|
|a a z 001zy
|
| 200 |
1 |
|
|a Ячеистые бетоны на малокварцевом сырье
|f К. К. Куатбаев, П. А. Ройзман
|
| 210 |
|
|
|a Москва
|c Стройиздат
|d 1972
|
| 215 |
|
|
|a 192 с.
|c ил.
|
| 320 |
|
|
|a Библиогр.: с. 181-190
|
| 606 |
1 |
|
|a Бетон ячеистый
|x Производство
|2 stltpush
|3 (RuTPU)RU\TPU\subj\35527
|9 57187
|
| 610 |
1 |
|
|a кварцевое сырье
|
| 610 |
1 |
|
|a изготовление
|
| 610 |
1 |
|
|a твердение
|
| 610 |
1 |
|
|a свойства
|
| 610 |
1 |
|
|a долговечность
|
| 610 |
1 |
|
|a конструкции
|
| 610 |
1 |
|
|a изделия
|
| 675 |
|
|
|a 666.973.6
|v 4
|
| 700 |
|
1 |
|a Куатбаев
|b К. К.
|g Куангали Куатбаевич
|
| 701 |
|
1 |
|a Ройзман
|b П. А.
|g Павел Аронович
|
| 702 |
|
1 |
|a Бутт
|b Ю. М.
|4 340
|
| 801 |
|
1 |
|a RU
|b 63413507
|c 20200610
|
| 801 |
|
2 |
|a RU
|b 63413507
|c 20201210
|g RCR
|
| 942 |
|
|
|c BK
|